000
00246nam a2200097Ia 4500
001
703828
005
20250826162359.0
008
250824s9999 xx 000 0 und d
245
0
_a
ELDE VAR HİKAYE
_c
TARIK DURSUN K.
260
_b
GÜNIŞIĞI YAYINLARI
999
_c
703828
_d
703828